000 00274nam a2200121Ia 4500
005 20251222144653.0
008 251222s9999||||xx |||||||||||||| ||spa||
082 _a869.1/A99
100 _aAzuela, Mariano
245 0 _aLos de Abajo
264 _bFiat Lux Eirl
942 _cLIB
999 _c17136
_d17136